Berühmte Personen aus Berlin - Statistiken

Allgemein
  • Dieses Quiz wurde 1.565 mal gespielt
  • Das Durchschnittsergebnis liegt bei 7 aus 20
Antwortstatistiken
Bildquiz Antwort % Korrekt
Sido
91%
Jérôme Boateng
78%
Adel Tawil
64%
Gregor Gysi
59%
Hugo Egon Balder
50%
Tim Bendzko
45%
Farin Urlaub
44%
Juju
44%
Roland Kaiser
42%
Karoline Herfurth
34%
Wilhelm II.
32%
Marlene Dietrich
25%
Klaus Wowereit
24%
Friedrich der Große
22%
Götz George
17%
Karl Dönitz
9%
Alexander von Humboldt
8%
Jürgen Prochnow
5%
Carl Friedrich von Siemens
3%
Elke Sommer
3%
Keine übereinstimmenden Quizze gefunden
Verteilung der Resultate
Anzahl Personen mit jedem Resultat
Perzentil nach korrekt beantworteten Fragen
Ihre Resultats-Entwicklung
Sie haben dieses Quiz noch nicht gespielt